000 00784cam a2200205 a 4500
001 000001204
005 20200929145515.0
008 860804s1986 cl b i000 0 spa
020 _a9213212038
040 _aDO-SdBNP
_bspa
_cBNPHU
082 _a338.88
_bE55t
245 0 4 _aLas Empresas transnacionales en la Argentina.
260 _aSantiago de Chile :
_bNaciones Unidas,
_c1986.
300 _a228 p. ;
_c23 cm.
440 0 _aEstudios e informes de la CEPAL,
_x0256-9795 ;
_vno. 56
_93101
500 _a"Este trabajo fue preparado por la Unidad Conjunta CEPAL/CET sobre Empresas Transnacionales"--Verso t.p.
504 _aBibliografía: p. 221-222.
650 4 _aEmpresas internacionales
_zArgentina
_94109
710 2 _aUnidad Conjunta CEPAL/CET sobre Empresas Transnacionales.
_94112
999 _c1154
_d1154